000 00585nam a2200205Ia 4500
003 GCL
008 140319s9999 xx 000 0 aFre d
020 _a3822805289
040 _aGCL /
_cGCL
082 0 4 _a759
_bB J
100 1 _aBOCKEMUHL, MICHAEL
245 1 0 _aJ.M.W. TURNER 1775 - 1851 :
_bLE MONDE DE LA LUMIERE ET DES COULEURS /
_cBOCKEMUHL, MICHAEL
260 _aالمانيا :
_bBENEDIKT TASCHEN ،
_c1991
300 _a96 P
_bILL. ؛
_c30 cm.
650 0 4 _aARTS
650 0 4 _aPAINTING
650 0 4 _aPAINTERS
650 0 4 _aTURNER, JOSEPH MALL WILLAM
942 _2ddc
_cBK
999 _c7704
_d7704